000 00636nam a22001697a 4500
003 NUST
038 _aNusrat Nadeem
082 _a200
100 _aSIDDIQUI, MUHAMMAD ZEESHAN
_9124362
245 _aINVERSE IDENTIFICATION OF CONSTITUTIVE PARAMETERS OF CARBON FIBER REINFORCED PLASTIC PLATES USING 2D DIGITAL IMAGE CORRELATION TECHNIQUE/
_cMUHAMMAD ZEESHAN SIDDIQUI,
264 _aKarachi;
_bPNEC NUST;
_c2019.
300 _a168,p;
_bill;
_c30,cm.
650 _aPhD-Mechanical Engineering
_984150
700 _aSupervisor DR. ASIF MANSOOR
_9124350
856 _u http://10.250.8.41:8080/xmlui/handle/123456789/34768
942 _2ddc
_cSC
999 _c610245
_d610245